[Event "Daffodil op"]
[Site "Victoria CAN"]
[Date "2004.04.24"]
[Round "1"]
[White "Churchill, Sam"]
[Black "Aquino, Manfrei"]
[Result "1/2-1/2"]
[WhiteElo "1446"]
[BlackElo "1887"]
[PlyCount "84"]
[GameId "2160767911166641"]
[EventDate "2004.04.24"]
[EventType "swiss"]
[EventRounds "5"]
[EventCountry "CAN"]

1. e4 g6 2. d4 Bg7 3. Nc3 c5 4. Be3 Qb6 5. Na4 Qa5+ 6. c3 cxd4 7. Bxd4 Nf6 8. e5 Ne4 9. e6 O-O 10. exf7+ Rxf7 11. Bxg7 Kxg7 12. Qd4+ Nf6 13. Qc5 Qxc5 14. Nxc5 b6 15. Nd3 e5 16. O-O-O Nc6 17. f3 d5 18. Nf2 Be6 19. Bd3 Rc8 20. Kb1 d4 21. Ne2 Nd5 22. cxd4 exd4 23. Bc4 Bf5+ 24. Ka1 Ne3 25. Bxf7 Nxd1 26. Rxd1 Kxf7 27. Ng3 Bc2 28. Rd2 Ba4 29. b3 Bb5 30. Nfe4 Ke6 31. Ng5+ Ke5 32. Nxh7 Rh8 33. Ng5 Rxh2 34. Kb2 Kf4 35. N5e4 Rh8 36. a4 Ba6 37. b4 Nxb4 38. Rxd4 Nc6 39. Rd6 Ne5 40. Rf6+ Ke3 41. Re6 Nd3+ 42. Ka3 Nf4 1/2-1/2

[Event "Daffodil op"]
[Site "Victoria CAN"]
[Date "2004.04.24"]
[Round "1"]
[White "Leblanc, Paul"]
[Black "Raymer, Evan"]
[Result "1-0"]
[WhiteElo "1884"]
[BlackElo "1423"]
[PlyCount "20"]
[GameId "2160767911166642"]
[EventDate "2004.04.24"]
[EventType "swiss"]
[EventRounds "5"]
[EventCountry "CAN"]

1. d4 Nf6 2. g3 d5 3. Bg2 e6 4. Nf3 Be7 5. c4 O-O 6. O-O b6 7. b3 Bb4 8. Bb2 c5 9. Ne5 Nbd7 10. Nxd7 Qxd7 1-0

[Event "Daffodil op"]
[Site "Victoria CAN"]
[Date "2004.04.24"]
[Round "1"]
[White "Raymer, Elliot"]
[Black "Milne, Arthur"]
[Result "1/2-1/2"]
[WhiteElo "1351"]
[BlackElo "1870"]
[PlyCount "81"]
[GameId "2160767911166644"]
[EventDate "2004.04.24"]
[EventType "swiss"]
[EventRounds "5"]
[EventCountry "CAN"]

1. e4 Nc6 2. d4 e5 3. d5 Nce7 4. c4 Ng6 5. Nc3 Nf6 6. a3 a5 7. Nf3 Bc5 8. Bd3 d6 9. Na4 Ba7 10. b4 axb4 11. axb4 O-O 12. O-O Nh5 13. Be3 Bxe3 14. fxe3 Nf6 15. Nc3 Rxa1 16. Qxa1 Ng4 17. Qe1 c6 18. h3 Nh6 19. Rf2 f5 20. Ra2 f4 21. Ra8 Qb6 22. Na4 Qxe3+ 23. Qxe3 fxe3 24. Nb6 Bd7 25. Ra7 Nf4 26. Nxd7 Rd8 27. Nfxe5 dxe5 28. Nxe5 Re8 29. Rxb7 cxd5 30. cxd5 Nxd3 31. Nxd3 Rxe4 32. d6 Rd4 33. Ne5 Rd1+ 34. Kh2 g6 35. d7 e2 36. Nf3 Nf7 37. b5 Ne5 38. Rb8+ Kg7 39. Re8 Nxf3+ 40. gxf3 Rxd7 41. Rxe2 1/2-1/2

[Event "Daffodil op"]
[Site "Victoria CAN"]
[Date "2004.04.24"]
[Round "2"]
[White "Wu, Howard"]
[Black "Beaudin, Jesse"]
[Result "1/2-1/2"]
[WhiteElo "2210"]
[BlackElo "1693"]
[PlyCount "64"]
[GameId "2160767911166646"]
[EventDate "2004.04.24"]
[EventType "swiss"]
[EventRounds "5"]
[EventCountry "CAN"]

1. Nf3 c5 2. e4 Nc6 3. d4 cxd4 4. Nxd4 d6 5. c4 Nf6 6. Nc3 g6 7. Be2 Bg7 8. Be3 O-O 9. O-O Be6 10. Nxe6 fxe6 11. Bg4 Nxg4 12. Qxg4 Qc8 13. Rac1 Ne5 14. Qh3 Nd3 15. Rc2 Nxb2 16. Rxb2 Bxc3 17. Rb3 Bg7 18. Bg5 Bf6 19. Bh6 Bg7 20. Bxg7 Kxg7 21. Qh4 Rf7 22. e5 b6 23. exd6 exd6 24. Qd4+ Kg8 25. Qxd6 Qd7 26. Qa3 Rc8 27. Rd3 Qe7 28. Qa4 Qc7 29. Qa6 Kg7 30. Rd4 Qc5 31. Re4 Qf8 32. Re2 Rd8 1/2-1/2

[Event "Daffodil op"]
[Site "Victoria CAN"]
[Date "2004.04.24"]
[Round "3"]
[White "Beaudin, Jesse"]
[Black "Leblanc, Paul"]
[Result "1-0"]
[WhiteElo "1693"]
[BlackElo "1884"]
[PlyCount "42"]
[GameId "2160767911166647"]
[EventDate "2004.04.24"]
[EventType "swiss"]
[EventRounds "5"]
[EventCountry "CAN"]

1. e4 c6 2. d4 d5 3. e5 c5 4. c3 Nc6 5. f4 cxd4 6. cxd4 Bf5 7. Nf3 e6 8. Nc3 Be7 9. Bd3 Nh6 10. O-O Bxd3 11. Qxd3 Nf5 12. g4 Nh6 13. h3 Qd7 14. a3 Na5 15. Nd2 Rc8 16. b3 g6 17. Bb2 O-O 18. Rac1 Nc6 19. b4 a6 20. Nb3 Kh8 21. Rf2 Qd8 1-0

[Event "Daffodil op"]
[Site "Victoria CAN"]
[Date "2004.04.24"]
[Round "3"]
[White "Martinson, Rick"]
[Black "Sexsmith, Kyle"]
[Result "1/2-1/2"]
[WhiteElo "1778"]
[BlackElo "1531"]
[PlyCount "65"]
[GameId "2160767911166648"]
[EventDate "2004.04.24"]
[EventType "swiss"]
[EventRounds "5"]
[EventCountry "CAN"]

1. e4 d6 2. d4 Nf6 3. Nc3 g6 4. Nge2 Bg7 5. Ng3 O-O 6. Be2 e5 7. d5 b6 8. h4 c6 9. Bg5 h6 10. Be3 c5 11. Qd2 Kh7 12. O-O-O Ng4 13. Bxg4 Bxg4 14. f3 Bc8 15. h5 g5 16. Nf5 a6 17. g3 b5 18. f4 f6 19. Rdf1 Rf7 20. Rf2 Bxf5 21. exf5 Qb6 22. fxg5 fxg5 23. Ne4 Nd7 24. Bxg5 hxg5 25. Nxg5+ Kg8 26. Nxf7 Kxf7 27. h6 Rh8 28. Rfh2 Bf8 29. h7 Qd8 30. Rh5 Nf6 31. Kb1 Qe7 32. g4 e4 33. g5 1/2-1/2

[Event "Daffodil op"]
[Site "Victoria CAN"]
[Date "2004.04.24"]
[Round "3"]
[White "Moore, Harry"]
[Black "Gansvind, Valeriya"]
[Result "1-0"]
[WhiteElo "2270"]
[BlackElo "2287"]
[PlyCount "109"]
[GameId "2160767911166649"]
[EventDate "2004.04.24"]
[EventType "swiss"]
[EventRounds "5"]
[EventCountry "CAN"]
[SourceTitle "EXT 2006"]
[Source "ChessBase"]
[SourceDate "2005.11.24"]
[SourceVersion "1"]
[SourceVersionDate "2005.11.24"]
[SourceQuality "1"]

1. Nf3 d5 2. g3 Bg4 3. Bg2 Nd7 4. O-O e6 5. d3 Ngf6 6. Nbd2 c6 7. b3 Bd6 8. Bb2 Qc7 9. c4 h5 10. cxd5 exd5 11. e4 O-O-O 12. exd5 Nxd5 13. Bxg7 Rhg8 14. Bd4 Be5 15. Bxe5 Nxe5 16. h3 Nc3 17. Qc2 Ne2+ 18. Kh1 Bxf3 19. Nxf3 Nd4 20. Nxd4 Rxd4 21. Qc5 Rgd8 22. Qxa7 Qb8 23. Qa5 Qc7 24. Qxc7+ Kxc7 25. Be4 Nxd3 26. Bxd3 Rxd3 27. Rfe1 R8d7 28. Re4 R3d4 29. Rae1 Rd2 30. R1e2 R2d5 31. Re7 Kd6 32. Rxd7+ Kxd7 33. Kg2 Rf5 34. g4 hxg4 35. hxg4 Rd5 36. Kg3 c5 37. f4 Kd6 38. Kh4 b5 39. f5 c4 40. bxc4 bxc4 41. Kg5 c3 42. Rc2 Rc5 43. Kf6 Rc7 44. g5 Kd5 45. g6 fxg6 46. fxg6 Kd4 47. g7 Rc8 48. Rg2 Rc6+ 49. Ke7 Rc7+ 50. Kd6 c2 51. g8=Q c1=Q 52. Qd5+ Ke3 53. Rg3+ Ke2 54. Qf3+ Kd2 55. Qf2+ 1-0

[Event "Daffodil op"]
[Site "Victoria CAN"]
[Date "2004.04.24"]
[Round "3"]
[White "Raymer, Evan"]
[Black "Cannon, Farley"]
[Result "1-0"]
[WhiteElo "1423"]
[BlackElo "1305"]
[PlyCount "66"]
[GameId "2160767911166650"]
[EventDate "2004.04.24"]
[EventType "swiss"]
[EventRounds "5"]
[EventCountry "CAN"]

1. e4 e5 2. Nf3 Nc6 3. Bc4 Bc5 4. d3 Nf6 5. Nc3 d6 6. a3 Bg4 7. h3 Bh5 8. g4 Bg6 9. Bg5 Nd4 10. Nd5 c6 11. Nxf6+ gxf6 12. Bh4 d5 13. Nxd4 dxc4 14. Nf5 Bxf5 15. gxf5 cxd3 16. cxd3 Rg8 17. Qd2 Qd6 18. O-O-O O-O-O 19. Rhg1 Rxg1 20. Rxg1 Qxd3 21. Qxd3 Rxd3 22. Bxf6 Bxf2 23. Rg7 Rxh3 24. Bxe5 Rh4 25. Rxf7 Rxe4 26. Bd6 Rc4+ 27. Kb1 h5 28. f6 Be3 29. Rh7 Bc5 30. Bxc5 Rxc5 31. f7 Rf5 32. Rh8+ Kd7 33. f8=Q Rxf8 1-0

[Event "Daffodil op"]
[Site "Victoria CAN"]
[Date "2004.04.25"]
[Round "4"]
[White "Aquino, Manfrei"]
[Black "Martinson, Rick"]
[Result "1-0"]
[WhiteElo "1887"]
[BlackElo "1778"]
[PlyCount "85"]
[GameId "2160767911166651"]
[EventDate "2004.04.24"]
[EventType "swiss"]
[EventRounds "5"]
[EventCountry "CAN"]

1. d4 Nf6 2. c4 g6 3. Nc3 Bg7 4. e4 d6 5. f3 O-O 6. Be3 Nbd7 7. Nge2 c5 8. d5 Re8 9. Qd2 Nf8 10. g4 a6 11. Ng3 Qc7 12. O-O-O Rb8 13. h4 Rd8 14. Bh6 Bh8 15. h5 N6d7 16. hxg6 fxg6 17. Be2 Ne5 18. Rdg1 b5 19. cxb5 axb5 20. Nxb5 Rxb5 21. Bxb5 Nxf3 22. Qf4 Nxg1 23. Rxg1 Be5 24. Qf3 e6 25. Rf1 Qe7 26. Bc4 Bg7 27. Bxg7 Kxg7 28. Qc3+ e5 29. Qf3 Nd7 30. Be2 Rf8 31. Qe3 Rxf1+ 32. Nxf1 Nf6 33. Nh2 Qc7 34. g5 Ng8 35. Bg4 Bd7 36. Bxd7 Qxd7 37. Nf3 Qe7 38. a4 Qd7 39. Qb3 Qe7 40. a5 Qa7 41. Qb6 Qd7 42. a6 Ne7 43. Qb7 1-0

[Event "Daffodil op"]
[Site "Victoria CAN"]
[Date "2004.04.25"]
[Round "4"]
[White "Beaudin, Jesse"]
[Black "Moore, Harry"]
[Result "0-1"]
[WhiteElo "1693"]
[BlackElo "2279"]
[PlyCount "99"]
[GameId "2160767911166652"]
[EventDate "2004.04.24"]
[EventType "swiss"]
[EventRounds "5"]
[EventCountry "CAN"]

1. e4 e5 2. Nf3 Nc6 3. Bb5 Bc5 4. O-O Qf6 5. d3 d6 6. Be3 Bg4 7. Bxc6+ bxc6 8. Bxc5 dxc5 9. Nbd2 Ne7 10. b3 Ng6 11. h3 h5 12. Qe1 Nf4 13. Kh2 g5 14. Ng1 Bd7 15. Nc4 g4 16. g3 gxh3 17. Qe3 Ne6 18. f4 exf4 19. gxf4 Rg8 20. Nxh3 Nd4 21. e5 Qh4 22. e6 fxe6 23. Qf2 Qf6 24. Ne5 O-O-O 25. b4 Be8 26. bxc5 Rd5 27. c3 Nf5 28. d4 Nh6 29. Qb2 Ng4+ 30. Nxg4 hxg4 31. Ng5 g3+ 32. Kg1 Qh6 33. Qe2 g2 34. Rfe1 Rgxg5 35. fxg5 Qh1+ 36. Kf2 Qh2 37. Qxe6+ Bd7 38. Qg8+ Kb7 39. Rab1+ Ka6 40. Ke3 Bf5 41. Rbc1 Qg3+ 42. Ke2 Bg4+ 43. Kd2 Qf2+ 44. Kd3 Bf5+ 45. Kc4 Qxa2+ 46. Kb4 Qb2+ 47. Ka4 Bc2+ 48. Rxc2 Qxc2+ 49. Kb4 Qb2+ 50. Kc4 0-1

[Event "Daffodil op"]
[Site "Victoria CAN"]
[Date "2004.04.25"]
[Round "4"]
[White "Raymer, Evan"]
[Black "Harris, Philip"]
[Result "0-1"]
[WhiteElo "1423"]
[BlackElo "1956"]
[PlyCount "26"]
[GameId "2160767911166655"]
[EventDate "2004.04.24"]
[EventType "swiss"]
[EventRounds "5"]
[EventCountry "CAN"]

1. e4 c6 2. d4 d5 3. exd5 cxd5 4. c4 e6 5. Nc3 Nf6 6. Bg5 Be7 7. cxd5 Nxd5 8. Bxe7 Nxe7 9. Bc4 Nbc6 10. d5 exd5 11. Nxd5 O-O 12. Ne2 Be6 13. Ng3 Nxd5 0-1

[Event "Daffodil op"]
[Site "Victoria CAN"]
[Date "2004.04.25"]
[Round "4"]
[White "Sexsmith, Kyle"]
[Black "Jones, Cliff"]
[Result "1-0"]
[WhiteElo "1531"]
[BlackElo "1734"]
[PlyCount "31"]
[GameId "2160767911166656"]
[EventDate "2004.04.24"]
[EventType "swiss"]
[EventRounds "5"]
[EventCountry "CAN"]

1. d4 d5 2. Bf4 e6 3. e3 f5 4. c4 Nf6 5. c5 c6 6. b4 a6 7. Nd2 Be7 8. Ngf3 O-O 9. Ne5 Nbd7 10. Be2 Kh8 11. g4 Ne4 12. Ndf3 g5 13. Bg3 f4 14. Qd3 fxg3 15. hxg3 Nxf2 16. Qxh7# 1-0

[Event "Daffodil op"]
[Site "Victoria CAN"]
[Date "2004.04.25"]
[Round "5"]
[White "Cannon, Farley"]
[Black "Sexsmith, Kyle"]
[Result "0-1"]
[WhiteElo "1305"]
[BlackElo "1531"]
[PlyCount "103"]
[GameId "2160767911166658"]
[EventDate "2004.04.24"]
[EventType "swiss"]
[EventRounds "5"]
[EventCountry "CAN"]

1. e4 d6 2. d4 Nf6 3. Nc3 g6 4. Nf3 Bg7 5. Bc4 O-O 6. O-O Bg4 7. h3 Bxf3 8. Qxf3 Nc6 9. Qd1 Nxe4 10. Nxe4 d5 11. Ng3 dxc4 12. d5 Nb4 13. Qf3 Qxd5 14. Qxd5 Nxd5 15. Rb1 f5 16. Re1 e5 17. b3 cxb3 18. cxb3 Nc3 19. Ra1 e4 20. Bb2 Nd5 21. Bxg7 Kxg7 22. Red1 c6 23. Ne2 a6 24. Nd4 Kf6 25. Nc2 Rad8 26. Rd2 Nc3 27. Rxd8 Rxd8 28. Ne3 b5 29. g3 Nd5 30. Rc1 Rd6 31. Nxd5+ cxd5 32. Rc7 d4 33. Kf1 d3 34. Ke1 h5 35. Kd2 g5 36. Rh7 Kg6 37. Rc7 f4 38. gxf4 gxf4 39. Rc1 Kf5 40. Rc5+ Kg6 41. Rc1 Kg5 42. Re1 Kf5 43. h4 Ke5 44. a3 Kd4 45. b4 Rc6 46. Rc1 Rxc1 47. Kxc1 Kc3 48. Kd1 e3 49. fxe3 fxe3 50. a4 e2+ 51. Ke1 d2+ 52. Kxe2 0-1

[Event "Daffodil op"]
[Site "Victoria CAN"]
[Date "2004.04.25"]
[Round "5"]
[White "Leblanc, Paul"]
[Black "Raymer, Elliot"]
[Result "1-0"]
[WhiteElo "1884"]
[BlackElo "1351"]
[PlyCount "47"]
[GameId "2160767911166659"]
[EventDate "2004.04.24"]
[EventType "swiss"]
[EventRounds "5"]
[EventCountry "CAN"]

1. d4 Nf6 2. g3 d6 3. Bg2 g6 4. c4 Bg7 5. Nf3 Bf5 6. Qb3 Qc8 7. Nh4 Bxb1 8. Rxb1 Nc6 9. e3 O-O 10. O-O Rb8 11. Bd2 e6 12. Qc2 d5 13. b4 Qd7 14. b5 Ne7 15. Nf3 Ne4 16. Bb4 f5 17. Rfd1 g5 18. Ne5 Bxe5 19. dxe5 Rf7 20. f3 c5 21. Be1 Ng6 22. fxe4 Nxe5 23. exd5 exd5 24. Bxd5 1-0

[Event "Daffodil op"]
[Site "Victoria CAN"]
[Date "2004.04.25"]
[Round "5"]
[White "Milne, Arthur"]
[Black "Campbell, Jamie"]
[Result "1-0"]
[WhiteElo "1870"]
[BlackElo "1557"]
[PlyCount "65"]
[GameId "2160767911166660"]
[EventDate "2004.04.24"]
[EventType "swiss"]
[EventRounds "5"]
[EventCountry "CAN"]

1. Nf3 Nf6 2. c4 g6 3. g3 Bg7 4. Bg2 O-O 5. O-O d6 6. Nc3 e5 7. d3 Nh5 8. Rb1 f5 9. Bg5 Qe8 10. Nd5 Na6 11. b4 c6 12. Ne7+ Kh8 13. Nxc8 Rxc8 14. Be3 b6 15. Qa4 f4 16. Bd2 Nc7 17. Ng5 b5 18. Qb3 h6 19. Ne4 Qe7 20. c5 d5 21. Nd6 Rcd8 22. Nb7 Rb8 23. Na5 Qe6 24. Bc3 g5 25. Qb2 d4 26. Bd2 Nd5 27. Qb3 fxg3 28. hxg3 Nhf6 29. e4 dxe3 30. Bxe3 Qd7 31. Bd2 Rbc8 32. Rbe1 Ne8 33. Nxc6 1-0

[Event "Daffodil op"]
[Site "Victoria CAN"]
[Date "2004.04.25"]
[Round "5"]
[White "Moore, Harry"]
[Black "Wu, Howard"]
[Result "1/2-1/2"]
[WhiteElo "2270"]
[BlackElo "2181"]
[PlyCount "85"]
[GameId "2160767911166661"]
[EventDate "2004.04.24"]
[EventType "swiss"]
[EventRounds "5"]
[EventCountry "CAN"]
[SourceTitle "EXT 2006"]
[Source "ChessBase"]
[SourceDate "2005.11.24"]
[SourceVersion "1"]
[SourceVersionDate "2005.11.24"]
[SourceQuality "1"]

1. d4 Nf6 2. Nf3 c5 3. d5 g6 4. Nc3 Bg7 5. e4 d6 6. Bb5+ Nbd7 7. a4 O-O 8. O-O a6 9. Be2 Rb8 10. Nd2 Ne8 11. Nc4 Ne5 12. Na3 e6 13. f4 Nd7 14. dxe6 fxe6 15. Nc4 b5 16. axb5 axb5 17. Na5 Qb6 18. Nxb5 c4+ 19. Kh1 Qxb5 20. Bxc4 Qb6 21. Bxe6+ Kh8 22. Nc4 Qc7 23. f5 Ne5 24. Nxe5 Bxe5 25. Bxc8 Rxc8 26. fxg6 Rxf1+ 27. Qxf1 Nf6 28. Qf5 hxg6 29. Qxg6 Qh7 30. Qxh7+ Kxh7 31. c3 Nxe4 32. g3 Nf2+ 33. Kg2 Nd3 34. Kf3 Rb8 35. Bf4 Rxb2 36. Bxe5 Nxe5+ 37. Ke4 Rxh2 38. Kd5 Rd2+ 39. Ke6 Rd3 40. Ra6 Nc4 41. Rc6 Rxc3 42. Kd5 Ne3+ 43. Kxd6 1/2-1/2

[Event "Daffodil op"]
[Site "Victoria CAN"]
[Date "2004.04.25"]
[Round "5"]
[White "Raymer, Evan"]
[Black "Martinson, Rick"]
[Result "1-0"]
[WhiteElo "1423"]
[BlackElo "1778"]
[PlyCount "49"]
[GameId "2160767911166662"]
[EventDate "2004.04.24"]
[EventType "swiss"]
[EventRounds "5"]
[EventCountry "CAN"]

1. e4 c5 2. Nc3 d6 3. g3 Nc6 4. Bg2 Nf6 5. d3 g6 6. f4 Bg4 7. Nge2 Bg7 8. h3 Bd7 9. O-O a6 10. Be3 Rb8 11. Qd2 Qc7 12. g4 b5 13. Ng3 b4 14. Nce2 Bxg4 15. hxg4 Nxg4 16. Rab1 h5 17. Bh3 Nxe3 18. Qxe3 e6 19. f5 Nd4 20. fxg6 Bh6 21. Qf2 fxg6 22. Qf6 Rg8 23. Nxd4 Be3+ 24. Kh2 Bxd4 25. Qxe6+ 1-0

[Event "Daffodil op"]
[Site "Victoria CAN"]
[Date "2004.04.25"]
[Round "5"]
[White "Wild, Joshua"]
[Black "Churchill, Sam"]
[Result "0-1"]
[WhiteElo "1328"]
[BlackElo "1446"]
[PlyCount "80"]
[GameId "2160767911166663"]
[EventDate "2004.04.24"]
[EventType "swiss"]
[EventRounds "5"]
[EventCountry "CAN"]

1. e4 Nf6 2. Nc3 d5 3. exd5 Nxd5 4. Nxd5 Qxd5 5. d3 Nc6 6. Nf3 Bg4 7. Be2 O-O-O 8. Be3 e5 9. O-O Bc5 10. Bxc5 Qxc5 11. Ng5 Bxe2 12. Qxe2 Qe7 13. Ne4 f5 14. Nd2 g5 15. a4 h5 16. Qf3 Nd4 17. Qd1 g4 18. c3 Nc6 19. f3 Rdf8 20. b4 Qg5 21. Qe2 Rhg8 22. Rad1 Qg7 23. f4 exf4 24. Rxf4 Re8 25. Qf1 Qxc3 26. Rc4 Qf6 27. Qf4 Qe5 28. Qxe5 Rxe5 29. Rdc1 Rg7 30. Nb3 Rd7 31. R1c3 Red5 32. Nc1 Nd4 33. Kf2 f4 34. Ne2 Kd8 35. Nxf4 Rf5 36. g3 Ne6 37. Ke3 Nxf4 38. Rxf4 Re7+ 39. Re4 Rf3+ 40. Ke2 Rxe4+ 0-1

[Event "Defi Nez Rouge"]
[Site "Gatineau CAN"]
[Date "2004.11.23"]
[Round "1"]
[White "Lacourse, Guy"]
[Black "Kennedy, Phillip"]
[Result "1/2-1/2"]
[WhiteElo "1666"]
[BlackElo "1363"]
[PlyCount "128"]
[GameId "2160767911052455"]
[EventDate "2004.11.23"]
[EventType "swiss"]
[EventRounds "5"]
[EventCountry "CAN"]

1. d4 Nf6 2. Nf3 g6 3. c4 Bg7 4. Nc3 d6 5. e4 Nbd7 6. Be2 O-O 7. O-O b6 8. b4 Bb7 9. Bd3 Re8 10. Bb2 e5 11. dxe5 dxe5 12. Qc2 c5 13. a3 Nf8 14. Rad1 Ne6 15. Nd5 Nd4 16. Nxf6+ Bxf6 17. Bxd4 exd4 18. Qd2 Qd7 19. Qf4 Re6 20. Rfe1 Rae8 21. bxc5 bxc5 22. Nd2 Be5 23. Qh6 Bg7 24. Qh3 f5 25. f3 Qe7 26. g3 f4 27. gxf4 Bc8 28. Qf1 Rf8 29. f5 gxf5 30. exf5 Qg5+ 31. Qg2 Qxg2+ 32. Kxg2 Ra6 33. Nb3 Rxa3 34. Nxc5 Bxf5 35. Ne4 Ra2+ 36. Re2 Rxe2+ 37. Bxe2 Bxe4 38. fxe4 Rf4 39. Bf3 Be5 40. Ra1 Rf7 41. Ra5 Rg7+ 42. Kh3 Re7 43. c5 d3 44. c6 Bf4 45. Rd5 d2 46. Kg4 Bxh2 47. Rxd2 Bc7 48. Rd7 Rxd7 49. cxd7 a5 50. e5 a4 51. Kh5 Kf8 52. e6 Bd8 53. Kh6 a3 54. Bd5 Be7 55. Kxh7 Bd8 56. Kg6 Be7 57. Kf5 Bd8 58. Ke5 Bc7+ 59. Kd4 Ke7 60. Kc5 Bd8 61. Kc6 Ba5 62. Kb7 Kd8 63. Ba2 Bb4 64. Kc6 Be7 1/2-1/2

[Event "Defi Nez Rouge"]
[Site "Gatineau CAN"]
[Date "2004.12.08"]
[Round "2"]
[White "Dupont, Claude"]
[Black "Lacourse, Guy"]
[Result "0-1"]
[WhiteElo "1402"]
[BlackElo "1666"]
[PlyCount "134"]
[GameId "2160767911052456"]
[EventDate "2004.11.23"]
[EventType "swiss"]
[EventRounds "5"]
[EventCountry "CAN"]
[SourceTitle "EXT 2006"]
[Source "ChessBase"]
[SourceDate "2005.11.24"]
[SourceVersion "1"]
[SourceVersionDate "2005.11.24"]
[SourceQuality "1"]

1. e4 c5 2. Nf3 d6 3. Bb5+ Nd7 4. d4 Ngf6 5. Nc3 cxd4 6. Qxd4 a6 7. Bxd7+ Qxd7 8. O-O b5 9. a3 e6 10. e5 dxe5 11. Qxe5 Bd6 12. Qd4 O-O 13. Bg5 Be7 14. Qxd7 Bxd7 15. Ne5 Be8 16. Ne2 h6 17. Bh4 g5 18. Bg3 Ne4 19. f3 Bc5+ 20. Kh1 Nxg3+ 21. Nxg3 f6 22. Nd3 Be7 23. c3 f5 24. f4 g4 25. Ne5 Bc5 26. b4 Ba7 27. c4 bxc4 28. Nxc4 h5 29. Rfe1 h4 30. Nf1 Bc6 31. Ne5 Bb7 32. Ng6 h3 33. Ne3 Rf6 34. Ne5 Bxe3 35. Rxe3 hxg2+ 36. Kg1 Rh6 37. Nd3 Kg7 38. Ne1 Rah8 39. Nxg2 Rxh2 40. Ra2 Bd5 41. Rd2 Rh1+ 42. Kf2 R8h2 43. Rg3 Bc4 44. Rd7+ Kf6 45. Rd4 Rf1+ 46. Ke3 Bd5 47. Rd2 Rf3+ 48. Rxf3 gxf3 49. Ne1 Rxd2 50. Kxd2 f2 51. Ke2 fxe1=Q+ 52. Kxe1 e5 53. fxe5+ Kxe5 54. Kf2 Kf4 55. a4 Bc4 56. Ke1 Ke3 57. Kd1 Bb3+ 58. Kc1 Bxa4 59. Kb2 Kd2 60. b5 Bxb5 61. Ka3 a5 62. Kb3 f4 63. Kb2 f3 64. Kb3 f2 65. Kb2 f1=Q 66. Ka3 Bc4 67. Ka4 Qa1# 0-1

[Event "Defi Nez Rouge"]
[Site "Gatineau CAN"]
[Date "2004.12.15"]
[Round "3"]
[White "Lacourse, Guy"]
[Black "Roy, Roger"]
[Result "1/2-1/2"]
[WhiteElo "1666"]
[BlackElo "1772"]
[PlyCount "71"]
[GameId "2160767911052457"]
[EventDate "2004.11.23"]
[EventType "swiss"]
[EventRounds "5"]
[EventCountry "CAN"]
[SourceTitle "EXT 2006"]
[Source "ChessBase"]
[SourceDate "2005.11.24"]
[SourceVersion "1"]
[SourceVersionDate "2005.11.24"]
[SourceQuality "1"]

1. d4 Nf6 2. Nf3 e6 3. g3 c6 4. c4 Bb4+ 5. Bd2 Qa5 6. Bg2 Ne4 7. O-O d5 8. Qc2 Nd7 9. a3 Bxd2 10. Nfxd2 Nxd2 11. Nxd2 O-O 12. b4 Qb6 13. e3 f5 14. f4 Nf6 15. Nf3 Ng4 16. Rfe1 Bd7 17. h3 Nf6 18. Ne5 Be8 19. g4 Ne4 20. Bxe4 dxe4 21. Qb3 Qc7 22. d5 cxd5 23. cxd5 exd5 24. Qxd5+ Bf7 25. Nxf7 Qxf7 26. Rad1 Qxd5 27. Rxd5 Rad8 28. Red1 Rxd5 29. Rxd5 g6 30. gxf5 gxf5 31. Rd7 Rf7 32. Rd5 Kg7 33. Kf2 Kg6 34. h4 Kh5 35. Kg3 Kg6 36. Rd6+ 1/2-1/2

[Event "Defi Nez Rouge"]
[Site "Gatineau CAN"]
[Date "2004.12.22"]
[Round "4"]
[White "Scantland, Patrick"]
[Black "Lacourse, Guy"]
[Result "0-1"]
[WhiteElo "1622"]
[BlackElo "1666"]
[PlyCount "36"]
[GameId "2160767911052458"]
[EventDate "2004.11.23"]
[EventType "swiss"]
[EventRounds "5"]
[EventCountry "CAN"]
[SourceTitle "EXT 2006"]
[Source "ChessBase"]
[SourceDate "2005.11.24"]
[SourceVersion "1"]
[SourceVersionDate "2005.11.24"]
[SourceQuality "1"]

1. c4 e5 2. Qc2 Nc6 3. e3 Nf6 4. g3 d5 5. Bg2 Nb4 6. Qb3 dxc4 7. Qxc4 Be6 8. Qc3 Nfd5 9. Bxd5 Qxd5 10. f3 Nd3+ 11. Ke2 e4 12. f4 Bb4 13. Qc2 Qh5+ 14. Kf1 Bh3+ 15. Nxh3 Qxh3+ 16. Kg1 Qg4 17. Nc3 Qf3 18. Nd1 Ne1 0-1

[Event "Dimanche 2004.03.07"]
[Site "Montreal CAN"]
[Date "2004.03.07"]
[Round "1"]
[White "Bolduc, Steve"]
[Black "Lescarbeau, Martin"]
[Result "1-0"]
[WhiteElo "2314"]
[BlackElo "1367"]
[PlyCount "65"]
[GameId "2160767911183595"]
[EventDate "2004.03.07"]
[EventType "tourn"]
[EventRounds "5"]
[EventCountry "CAN"]

1. d4 Nf6 2. c4 e6 3. Nc3 Bb4 4. e3 b6 5. Nge2 Bb7 6. a3 Bxc3+ 7. Nxc3 O-O 8. f3 d6 9. Bd3 Nh5 10. O-O f5 11. Qc2 Nd7 12. Bd2 Qh4 13. d5 Nc5 14. dxe6 Nxd3 15. Qxd3 Rae8 16. Nd5 Rxe6 17. Nxc7 Rg6 18. Nd5 Rh6 19. Qd4 f4 20. exf4 Bxd5 21. Qxd5+ Kh8 22. Qg5 Nxf4 23. Qxh4 Rxh4 24. Rfe1 Nd3 25. Re7 Rxc4 26. Bc3 Rg8 27. Rd1 Nc5 28. Rxd6 Na4 29. Be5 Rc1+ 30. Kf2 Rc2+ 31. Kg3 Re2 32. Kh3 Rc2 33. Rxg7 1-0

[Event "Dimanche 2004.03.07"]
[Site "Montreal CAN"]
[Date "2004.03.07"]
[Round "1"]
[White "Colucci, John"]
[Black "Griffin, Mel"]
[Result "1-0"]
[WhiteElo "1843"]
[BlackElo "1368"]
[PlyCount "69"]
[GameId "2160767911183596"]
[EventDate "2004.03.07"]
[EventType "tourn"]
[EventRounds "5"]
[EventCountry "CAN"]

1. d4 Nf6 2. Nf3 g6 3. Nc3 Bg7 4. e4 d6 5. Bg5 O-O 6. Qd2 c5 7. O-O-O cxd4 8. Nxd4 Nc6 9. Nb3 a6 10. f3 Be6 11. h4 h5 12. Bh6 b5 13. Bxg7 Kxg7 14. Nd5 Nd7 15. Qc3+ Nce5 16. f4 Rc8 17. Qd4 Bg4 18. Rd2 e6 19. Ne3 Qb6 20. Qxb6 Nxb6 21. fxe5 dxe5 22. Nxg4 hxg4 23. Be2 f5 24. Rd6 Nc4 25. Rxe6 Ne3 26. Bd1 Rfd8 27. exf5 gxf5 28. Rxe5 Rxd1+ 29. Rxd1 Nxd1 30. Kxd1 Rf8 31. Nd4 Kg6 32. Rxf5 Rxf5 33. Nxf5 Kxf5 34. g3 Ke4 35. Ke2 1-0

[Event "Dimanche 2004.03.07"]
[Site "Montreal CAN"]
[Date "2004.03.14"]
[Round "2"]
[White "Katch, Gary"]
[Black "Bolduc, Steve"]
[Result "0-1"]
[WhiteElo "1709"]
[BlackElo "2314"]
[PlyCount "150"]
[GameId "2160767911183597"]
[EventDate "2004.03.07"]
[EventType "tourn"]
[EventRounds "5"]
[EventCountry "CAN"]

1. e4 c5 2. Nc3 Nc6 3. f4 g6 4. Bc4 Bg7 5. Nf3 a6 6. a4 d6 7. O-O e6 8. Qe1 Nge7 9. d3 O-O 10. Bb3 d5 11. Qf2 Nd4 12. Ba2 b5 13. e5 Nxf3+ 14. Qxf3 Qb6 15. Qf2 Bb7 16. b4 Rfc8 17. Ba3 Qd8 18. bxc5 d4 19. Ne4 Bxe4 20. dxe4 Nc6 21. f5 Qd7 22. Rad1 b4 23. Bb2 Bxe5 24. Rd3 b3 25. Bxb3 Na5 26. Bxd4 Bxd4 27. Rxd4 Qe7 28. Rd6 Nb7 29. f6 Qf8 30. e5 Rxc5 31. Rd7 Nd8 32. Qd4 Nc6 33. Qh4 Rxe5 34. Rfd1 Qc5+ 35. Kh1 Qe3 36. Rf1 Rh5 37. Qc4 Re5 38. Qh4 Rf5 39. Re1 g5 40. Rd3 Qf4 41. Qxf4 Rxf4 42. Rg3 h6 43. Rd3 Rxf6 44. Rd6 Na5 45. Rb6 Nxb3 46. cxb3 a5 47. b4 Rf4 48. Rb1 axb4 49. g3 Re4 50. Ra1 Ra5 51. Rb7 b3 52. Rxb3 Rexa4 53. Rxa4 Rxa4 54. Kg2 Ra2+ 55. Kg1 Kg7 56. Rb5 f5 57. Rb4 Re2 58. h4 gxh4 59. Rxh4 Kg6 60. Ra4 Re4 61. Ra8 Rg4 62. Kf2 e5 63. Rg8+ Kf7 64. Ra8 Rg6 65. Kf3 Kf6 66. Rf8+ Kg5 67. Rf7 e4+ 68. Kf2 Kg4 69. Kg2 Rg8 70. Rh7 Kg5 71. Kf2 Rd8 72. Rg7+ Kf6 73. Rh7 Kg6 74. Re7 Rd2+ 75. Ke3 Rg2 0-1